Štýl bývania

Podrobná bibliografia
Médium: Časopis
Jazyk:slovenčina
Fyzický popis:19 zv. 30 cm
Vydavateľské údaje: Banská Bystrica IGS 1995-2013
Banská Bystrica LVIS
Banská Bystrica LVIS-AB
ISSN:1336-0590
Predmet:
On-line prístup:http://www.styl-byvania.sk/o_nas.php

MARC

LEADER 00000cas a2200000 a 4500
001 vtls001470336
003 SK-MaSNL
005 20260228161315.0
008 040308d19952013xo qr p 0 0b0slo
022 |a 1336-0590 
035 |a SNK000425641 
035 |a (SVKBB03)vtls000025883 
040 |a SNK  |b slo  |c SNK  |d SVKBB  |d SAVUK  |e AACR2 
041 0 |a slo 
044 |a xo  |c SK 
072 7 |a 365  |x Požiadavky na bývanie a ich uspokojovanie  |2 konspekt 
072 7 |a 643  |x Byt. Miestnosti. Vybavenie bytu  |2 konspekt 
080 |a 365  |2 2011 
080 |a 643  |2 2011 
080 |a 643/645:72.012.8  |2 2011 
080 |a 050  |2 2011 
210 0 |a Štýl býv. 
222 0 |a Štýl bývania 
245 0 0 |a Štýl bývania 
260 |a Banská Bystrica  |b IGS  |c 1995-2013 
260 2 |3 1997-2000  |a Banská Bystrica  |b LVIS 
260 3 |3 2001-2013  |a Banská Bystrica  |b LVIS-AB 
300 |a 19 zv.  |c 30 cm 
310 |a 4x ročne  |b 2012-2013 
321 |a 6x ročne  |b 2011 
321 |a 1x mesačne  |b 2004-2009 
321 |a 6x ročne  |b 1995-2003 
321 |a 10x ročne  |b 2010 
362 0 |a Roč. 1 (1995)-roč. XIX (jar 2013) 
500 |a Evidenčné číslo: EV 3789/09 
650 0 7 |a byty  |2 SNKPH  |9 3905 
650 0 7 |a bytová architektúra  |2 SNKPH  |9 3740 
650 0 7 |a bývanie  |2 SNKPH  |9 1991 
655 7 |a špecializované časopisy  |2 SNKPH  |9 70509 
856 4 1 |u http://www.styl-byvania.sk/o_nas.php 
910 |a savuk 
910 |a snk 
916 |a 1995-2013 
958 |a OND 
999 |c 4971  |d 6901 
952 |0 0  |1 0  |3 Rekatalogizácia  |4 0  |7 0  |a SNK  |b SNK  |d 2006-03-23  |i snkČSP 871/2003  |l 0  |o snkČSB 4918/5/1999 D1  |p 17A0500698  |r 2026-02-21 19:47:28  |w 2026-02-21  |y PREZ 
952 |0 0  |1 0  |4 0  |7 0  |8 0  |a SNK  |b SNK  |d 2015-04-28  |f 1  |i snk2015/13997  |l 0  |o snkČSB 4918/8/2002  |p 17A1143784  |r 2026-02-21 21:33:40  |t č. 1-6, neúplné  |w 2026-02-21  |y PREZ  |z chýba č. 3 
952 |0 0  |1 0  |4 0  |7 0  |8 0  |a SNK  |b SNK  |d 2015-04-28  |f 1  |i snk2015/13998  |l 0  |o snkČSB 4918/9/2003  |p 17A1143785  |r 2026-02-21 21:33:40  |t č. 1-6  |w 2026-02-21  |y PREZ 
952 |0 0  |1 0  |4 0  |7 0  |8 0  |a SNK  |b SNK  |d 2015-04-28  |f 1  |i snk2015/14001  |l 0  |o snkČSB 4918/10/2004  |p 17A1143786  |r 2026-02-21 21:33:40  |t č. 1-12  |w 2026-02-21  |y PREZ 
952 |0 0  |1 0  |4 0  |7 0  |8 0  |a SNK  |b SNK  |d 2015-04-28  |f 1  |i snk2015/14011  |l 0  |o snkČSB 4918/11/2005  |p 17A1143787  |r 2026-02-21 21:33:40  |t č. 1-12  |w 2026-02-21  |y PREZ 
952 |0 0  |1 0  |4 0  |7 0  |8 0  |a SNK  |b SNK  |d 2015-04-28  |f 1  |i snk2015/14013  |l 0  |o snkČSB 4918/12/2006  |p 17A1143788  |r 2026-02-21 21:33:40  |t č. 1-12  |w 2026-02-21  |y PREZ 
952 |0 0  |1 0  |4 0  |7 0  |8 0  |a SNK  |b SNK  |d 2015-04-28  |f 1  |i snk2015/14020  |l 0  |o snkČSB 4918/13/2007  |p 17A1143789  |r 2026-02-21 21:33:40  |t č. 1-12  |w 2026-02-21  |y PREZ 
952 |0 0  |1 0  |4 0  |7 0  |8 0  |a SNK  |b SNK  |d 2015-04-28  |f 1  |i snk2015/14025  |l 0  |o snkČSB 4918/14/2008  |p 17A1143790  |r 2026-02-21 21:33:40  |t č. 1-12  |w 2026-02-21  |y PREZ 
952 |0 0  |1 0  |4 0  |7 0  |8 0  |a SNK  |b SNK  |d 2015-04-28  |f 1  |i snk2015/14033  |l 0  |o snkČSB 4918/15/2009  |p 17A1143791  |r 2026-02-21 21:33:40  |t č. 1-12  |w 2026-02-21  |y PREZ 
952 |0 0  |1 0  |4 0  |7 0  |8 0  |a SNK  |b SNK  |d 2015-04-28  |f 1  |i snk2015/14038  |l 0  |o snkČSB 4918/16/2010  |p 17A1143792  |r 2026-02-21 21:33:40  |t č. 1-12, neúplné  |w 2026-02-21  |y PREZ  |z chýba č. 8,11,12 
952 |0 0  |1 0  |4 0  |7 0  |8 0  |a SNK  |b SNK  |d 2015-04-28  |f 1  |i snk2015/14041  |l 0  |o snkČSB 4918/17/2011  |p 17A1143793  |r 2026-02-21 21:33:40  |t č. 1-12  |w 2026-02-21  |y PREZ 
952 |0 0  |1 0  |4 0  |7 0  |8 0  |a SNK  |b SNK  |d 2015-04-28  |f 1  |i snk2015/14042  |l 0  |o snkČSB 4918/18/2012  |p 17A1143794  |r 2026-02-21 21:33:41  |t č. 1-4  |w 2026-02-21  |y PREZ 
952 |0 0  |1 0  |4 0  |7 0  |a SNK  |b SNK  |d 2015-05-04  |f 1  |i snkČSP 2309/99  |l 0  |o snkČSB 4918/1/1995  |p 17A0899922  |r 2026-02-21 21:33:44  |t č. 1-6  |w 2026-02-21  |y PREZ 
952 |0 0  |1 0  |4 0  |7 0  |a SNK  |b SNK  |d 2015-05-04  |f 1  |i snkČSP 2307/99  |l 0  |o snkČSB 4918/2/1996  |p 17A0899921  |r 2026-02-21 21:33:44  |t č. 1-6  |w 2026-02-21  |y PREZ 
952 |0 0  |1 0  |4 0  |7 0  |a SNK  |b SNK  |d 2015-05-04  |f 1  |i snkČSP 2305/99  |l 0  |o snkČSB 4918/3/1997  |p 17A0899919  |r 2026-02-21 21:33:44  |t č. 1-6  |w 2026-02-21  |y PREZ 
952 |0 0  |1 0  |4 0  |7 0  |a SNK  |b SNK  |d 2015-05-04  |f 1  |i snkČSP 2303/99  |l 0  |o snkČSB 4918/4/1998  |p 17A0899920  |r 2026-02-21 21:33:44  |t č. 1-6  |w 2026-02-21  |y PREZ 
952 |0 0  |1 0  |4 0  |7 0  |a SNK  |b SNK  |d 2015-05-04  |f 1  |i snkČSP 86/2003  |l 0  |o snkČSB 4918/5/1999  |p 17A0899909  |r 2026-02-21 21:33:44  |t č. 1-6  |w 2026-02-21  |y PREZ 
952 |0 0  |1 0  |4 0  |7 0  |a SNK  |b SNK  |d 2015-05-04  |f 1  |i snkČSP 84/2003  |l 0  |o snkČSB 4918/6/2000  |p 17A1143807  |r 2026-02-21 21:33:44  |t č. 1-6  |w 2026-02-21  |y PREZ 
952 |0 0  |1 0  |4 0  |7 0  |8 0  |a SNK  |b SNK  |d 2015-04-28  |f 1  |i snk2015/14045  |l 0  |o snkČSB 4918/19/2013  |p 17A1143795  |r 2026-02-21 21:33:46  |t č. 1-4, neúplné  |w 2026-02-21  |y PREZ  |z chýba č. 4 
952 |0 0  |1 0  |4 0  |7 0  |8 0  |a SNK  |b SNK  |d 2015-04-28  |i snk2015/14063  |l 0  |o snkČSB 4918/8/2002 D1  |p 17A1143796  |r 2026-02-21 21:33:46  |t č. 1-6, neúplné   |w 2026-02-21  |y PREZ  |z chýba č. 3 
952 |0 0  |1 0  |4 0  |7 0  |8 0  |a SNK  |b SNK  |d 2015-04-28  |i snk2015/14064  |l 0  |o snkČSB 4918/9/2003 D1  |p 17A1143797  |r 2026-02-21 21:33:46  |t č. 1-6  |w 2026-02-21  |y PREZ 
952 |0 0  |1 0  |4 0  |7 0  |8 0  |a SNK  |b SNK  |d 2015-04-28  |i snk2015/14065  |l 0  |o snkČSB 4918/10/2004 D1  |p 17A1143798  |r 2026-02-21 21:33:46  |t č. 1-12  |w 2026-02-21  |y PREZ 
952 |0 0  |1 0  |4 0  |7 0  |8 0  |a SNK  |b SNK  |d 2015-04-28  |i snk2015/14067  |l 0  |o snkČSB 4918/11/2005 D1  |p 17A1143799  |r 2026-02-21 21:33:47  |t č. 1-12  |w 2026-02-21  |y PREZ 
952 |0 0  |1 0  |4 0  |7 0  |8 0  |a SNK  |b SNK  |d 2015-04-28  |i snk2015/14068  |l 0  |o snkČSB 4918/12/2006 D1  |p 17A1143800  |r 2026-02-21 21:33:47  |t č. 1-12  |w 2026-02-21  |y PREZ 
952 |0 0  |1 0  |4 0  |7 0  |8 0  |a SNK  |b SNK  |d 2015-04-28  |i snk2015/14069  |l 0  |o snkČSB 4918/13/2007 D1  |p 17A1143801  |r 2026-02-21 21:33:47  |t č. 1-12  |w 2026-02-21  |y PREZ 
952 |0 0  |1 0  |4 0  |7 0  |8 0  |a SNK  |b SNK  |d 2015-04-28  |i snk2015/14070  |l 0  |o snkČSB 4918/14/2008 D1  |p 17A1143802  |r 2026-02-21 21:33:47  |t č. 1-12, neúplné  |w 2026-02-21  |y PREZ  |z chýba č. 4 
952 |0 0  |1 0  |4 0  |7 0  |8 0  |a SNK  |b SNK  |d 2015-04-28  |i snk2015/14071  |l 0  |o snkČSB 4918/15/2009 D1  |p 17A1143803  |r 2026-02-21 21:33:47  |t č. 1-12, neúplné  |w 2026-02-21  |y PREZ  |z chýba č. 1,2,5,10-12 
952 |0 0  |1 0  |4 0  |7 0  |8 0  |a SNK  |b SNK  |d 2015-04-28  |i snk2015/14074  |l 0  |o snkČSB 4918/16/2010 D1  |p 17A1143804  |r 2026-02-21 21:33:47  |t č. 1-12, neúplné  |w 2026-02-21  |y PREZ  |z chýba č. 8,11,12 
952 |0 0  |1 0  |4 0  |7 0  |8 0  |a SNK  |b SNK  |d 2015-04-28  |i snk2015/14092  |l 0  |o snkČSB 4918/17/2011 D1  |p 17A1143805  |r 2026-02-21 21:33:47  |t č. 1-12  |w 2026-02-21  |y PREZ 
952 |0 0  |1 0  |4 0  |7 0  |8 0  |a SNK  |b SNK  |d 2015-04-28  |i snk2015/14097  |l 0  |o snkČSB 4918/18/2012 D1  |p 17A1143806  |r 2026-02-21 21:33:47  |t č. 1-4  |w 2026-02-21  |y PREZ 
952 |0 0  |1 0  |4 0  |7 0  |8 0  |a SNK  |b SNK  |d 2016-08-05  |i snk2016/18701  |l 0  |o snkČSB 4918/19/2013 D1  |p 17A1202304  |r 2026-02-21 21:54:50  |t č. 1-4, neúplné  |w 2026-02-21  |y PREZ  |z Chýba č. 4